|
|
|
|
| LEADER |
01169nam a2200325 a 4500 |
| 001 |
000575873 |
| 003 |
CZ BrMZK |
| 005 |
20080415103950.0 |
| 007 |
ta |
| 008 |
010825s2001 xr c f cze d |
| 015 |
|
|
|a cnb001028653
|
| 020 |
|
|
|a 80-7244-067-5
|q (váz.) :
|c Kč 127,00
|
| 035 |
|
|
|a (OCoLC)50340593
|
| 040 |
|
|
|a BOA001
|c ze
|d BOA001
|
| 072 |
|
7 |
|a 821-93
|x Literatura pro děti a mládež (beletrie)
|2 Konspekt
|9 26
|
| 072 |
|
7 |
|a 821.162.3-3
|x Česká próza
|2 Konspekt
|9 25
|
| 080 |
|
|
|a 821-93
|2 MRF
|
| 080 |
|
|
|a 821.162.3-31
|2 MRF
|
| 080 |
|
|
|a (0:82-31)
|2 MRF
|
| 100 |
1 |
|
|a Štorkán, Karel,
|d 1923-2007
|7 jk01131496
|4 aut
|
| 245 |
1 |
0 |
|a Nemravové ze septimy Bé :
|b (podle Bédi Pazderky) /
|c Karel Štorkán ; [ilustrace Michal Hrdý]
|
| 250 |
|
|
|a Vyd. 1.
|
| 260 |
|
|
|a Praha :
|b Šulc a spol.,
|c 2001
|
| 300 |
|
|
|a 187 s. :
|b il. ;
|c 21 cm
|
| 655 |
|
7 |
|a české romány
|7 fd133974
|2 czenas
|
| 655 |
|
7 |
|a publikace pro mládež
|7 fd133157
|2 czenas
|
| 700 |
1 |
|
|a Hrdý, Michal,
|d 1959-2003
|7 mzk2003184368
|4 ill
|
| 910 |
|
|
|a BOA001
|b 2-1092.146
|
| 990 |
|
|
|a BK
|
| 996 |
6 |
|
|b 2610145739
|c 2-1092.146
|l MZK
|r Sklad / do 1 hodiny
|n 2
|p p.v.
|w 000575873
|u 000010
|a 1
|e BOA001
|j MZK50
|s P
|